Begins & Ends with the Same 2 Letters Quiz Stats

 Plays Quiz Updated Jan 15, 2017

Score 0/20 Timer 06:00
0 Plays Today
% Correct
PH ... PH
93.2%
CH ...CH
89.4%
SH ... SH
77.6%
IC ... IC
76.4%
DE ... DE
76.3%
LY ... LY
76.2%
GY ... GY
76.1%
VE ... VE
73.8%
IN ... IN
71.6%
TH ... TH
70.9%
% Correct
MA ... MA
70.9%
NE ... NE
69.2%
ST ... ST
67.5%
ED ... ED
67%
ME ... ME
66.1%
RE ... RE
65.3%
PE ... PE
64.6%
HE ... HE
63.3%
KE ... KE
63.3%
TA ... TA
60.3%

You're not logged in!

Compare scores with friends on all Sporcle quizzes.
OR
Log In

You Might Also Like...

Show Comments

Extras

Top Quizzes Today


Score Distribution

Your Account Isn't Verified!

In order to create a playlist on Sporcle, you need to verify the email address you used during registration. Go to your Sporcle Settings to finish the process.

Report this User

Report this user for behavior that violates our Community Guidelines.

Details: